| 000 | 00000nam##2200000za#4500 |
| 001 | 9.642754 |
| 003 | CaOODSP |
| 005 | 20210624223843 |
| 007 | cr ||||||||||| |
| 008 | 150407|2004||||xxc|||||o f|0| 0 fre|d |
| 040 | |aCaOODSP|bfre |
| 043 | |an-cn--- |
| 086 | 1 |aFs23-599/2004F-PDF |
| 110 | 1 |aCanada. |bMinistère des pêches et des océans. |
| 245 | 10|aCadre de consultation pour Pêches et Océans Canada |h[ressource électronique] |
| 260 | |aOttawa - Ontario : |bPêches et Océans Canada |cMars 2004. |
| 300 | |a52p.|btableaux |
| 590 | |a14-02-Supp|b2014-01-08 |
| 775 | 08|tConsultation framework for Fisheries and Oceans Canada |w(CaOODSP)9.698752 |
| 856 | 40|ahttp://publications.gc.ca|qPDF|s763 Ko|uhttps://publications.gc.ca/collections/collection_2013/mpo-dfo/Fs23-599-2004-fra.pdf |